LEADER 01065nam0-2200325---450- 001 990009808990403321 005 20140115121101.0 010 $a978-88-204-1440-5 035 $a000980899 035 $aFED01000980899 035 $a(Aleph)000980899FED01 035 $a000980899 100 $a20140115d2013----km-y0itay50------ba 101 0 $aita 102 $aIT 105 $aa-------001yy 200 1 $aDiciottesimo rapporto sulle migrazioni 2012$fFondazione ISMU 210 $aMilano$cFrancoAngeli$d2013 215 $a323 p.$d23 cm 300 $aFa parte di Rapporto sulle migrazioni ... / Fondazione Cariplo per le iniziative e lo studio sulla multietnicità , 18/2012 610 0 $aImmigrazione 676 $a323.63$v22$zita 710 02$aFondazione Cariplo per le iniziative e lo studio sulla multietnicità$0285371 801 0$aIT$bUNINA$gREICAT$2UNIMARC 901 $aBK 912 $a990009808990403321 952 $aCollez. 2133 (54)$b50240$fFSPBC 959 $aFSPBC 996 $aDiciottesimo rapporto sulle migrazioni 2012$9837982 997 $aUNINA LEADER 01288nam 2200373 450 001 996280823803316 005 20200307181742.0 035 $a(CKB)3390000000045081 035 $a(WaSeSS)IndRDA00119730 035 $a(EXLCZ)993390000000045081 100 $a20200307d2013 uy 0 101 0 $aeng 135 $aur||||||||||| 181 $ctxt$2rdacontent 182 $cc$2rdamedia 183 $acr$2rdacarrier 200 10$aECBS $e2013 20th IEEE International Conference and Workshops on Engineering of Computer Based Systems : 22-24 April 2013, Scottsdale, AZ, USA /$fInstitute of Electrical and Electronics Engineers 210 1$aPiscataway, New Jersey :$cInstitute of Electrical and Electronics Engineers,$d2013. 215 $a1 online resource (165 pages) 311 $a1-4673-6193-3 311 $a0-7695-4991-8 606 $aSystems engineering$vCongresses 606 $aSystem analysis$xData processing$vCongresses 615 0$aSystems engineering 615 0$aSystem analysis$xData processing 676 $a620.7 702 $aRozenblit$b Jerzy 712 02$aInstitute of Electrical and Electronics Engineers, 801 0$bWaSeSS 801 1$bWaSeSS 906 $aPROCEEDING 912 $a996280823803316 996 $aECBS$92513294 997 $aUNISA